| 000 | 01185nam a22002537a 4500 | ||
|---|---|---|---|
| 999 |
_c21934 _d21934 |
||
| 003 | AR-CdUCM | ||
| 008 | 190504b ||||| |||| 00| 0 spa d | ||
| 020 | _a9786124464072 | ||
| 040 |
_aMUNICIPALIDAD PROVINCIAL DEL CUSCO _cBIBLIOTECA MUNICIPAL DEL CUSCO |
||
| 082 |
_a343.1/R10 _bR10 |
||
| 245 |
_aReflexiones constitucionales sobre el bicentenario : _bsignificado, importancia y retos en la forja del Estado Constitucional peruano / _cErnesto Blume Fortini, Coordinador |
||
| 260 |
_aLima : _bTribunal Constitucional del Perú, _bCentro de Estudios Constitucionales, _c2021. |
||
| 300 |
_a674 páginas. : _c24 cm. |
||
| 440 |
_aColección Publicaciones _946912 |
||
| 500 | _zIncluye referencias bibliográficas. | ||
| 505 | _aContenido: Anotaciones sobre el control difuso a propósito del Bicentenario de la República. -- El reto pendiente de una Constitución peruana viviente ... | ||
| 650 |
_aDerecho constitucional _94734 |
||
| 650 |
_aCiencia jurídica _95037 |
||
| 650 |
_aCiencia políticas _946913 |
||
| 700 |
_aLedesma Narváez, Marianella _ecoordinadora _946910 |
||
| 700 |
_aRamos Núñez, Carlos Augusto _edirector _946911 |
||
| 942 |
_2ddc _cLIBROS |
||
| 945 | _ar.a.c | ||